มุมมองปกติ
มุมมองแบบ MARC
- ห้องทรงงานรัชกาลที่ 10
รายการ Topical Term
001 - CONTROL NUMBER
- control field: 55186
003 - CONTROL NUMBER IDENTIFIER
- control field: NALT
005 - DATE AND TIME OF LATEST TRANSACTION
- control field: 20211220151805.0
008 - FIXED-LENGTH DATA ELEMENTS
- fixed length control field: 211220|| aca||babn | a|a d
040 ## - CATALOGING SOURCE
- Original cataloging agency: NALT
150 #4 - HEADING--TOPICAL TERM
- Topical term or geographic name entry element: ห้องทรงงานรัชกาลที่ 10
